[Event "Czech Open A 2013"]
[Site "Pardubice CZE"]
[Date "2013.07.21"]
[Round "3.24"]
[White "Kourousis,E"]
[Black "Krejci,Jan2"]
[Result "1/2-1/2"]
[WhiteElo "2391"]
[BlackElo "2521"]
[EventDate "2013.07.19"]

1. d4 Nf6 2. c4 e6 3. Nf3 d5 4. g3 c6 5. Bg2 Bb4+ 6. Bd2 Be7 7. Qc2 O-O 8. O-O
Nbd7 9. Bf4 Nh5 10. Bc1 Nhf6 11. b3 b6 12. Bb2 Ba6 13. Nbd2 Rc8 14. e4 c5 15.
exd5 exd5 16. dxc5 Bxc5 17. Qf5 Re8 18. Ng5 g6 19. Qf4 h6 20. Ngf3 Bf8 21. Rfe1
Bg7 22. Rxe8+ Qxe8 23. Re1 Qd8 24. Ba3 dxc4 25. bxc4 Nc5 26. Bxc5 Rxc5 27. Bf1
Ra5 28. Nb3 Rxa2 29. Nbd4 Bb7 30. Nb5 a6 31. Nd6 Bxf3 32. Re8+ Nxe8 33. Qxf7+
Kh7 34. Nxe8 Qd4 35. Qxf3 Qd7 36. Nf6+ Bxf6 37. Qxf6 a5 38. Bd3 Qg7 39. Qxb6 a4
40. h4 h5 41. g4 Ra1+ 42. Kh2 hxg4 43. h5 Kg8 44. Qd8+ Qf8 45. Qd4 Ra2 46. Kg1
g3 47. Qd5+ Kg7 48. Qe5+ Kh6 49. Qe3+ Kxh5 50. Be2+ Rxe2 51. Qxe2+ Kh6 52. Qe3+
Kg7 53. Qxg3 Qc5 54. Qc3+ Kg8 55. Qc2 a3 56. Qxg6+ Kf8 57. Qc2 Qa5 58. c5 a2 59.
Qf5+ 1/2-1/2

[Event "Czech Open A 2013"]
[Site "Pardubice CZE"]
[Date "2013.07.21"]
[Round "3.25"]
[White "Teske,H"]
[Black "Nemcova,Kat"]
[Result "1-0"]
[WhiteElo "2517"]
[BlackElo "2382"]
[EventDate "2013.07.19"]

1. d4 Nf6 2. c4 e6 3. g3 d5 4. Nf3 Be7 5. Bg2 O-O 6. O-O a6 7. Nbd2 b6 8. cxd5
exd5 9. Ne5 Bb7 10. Qc2 Bd6 11. Ndc4 h6 12. Bf4 Re8 13. Rac1 Ra7 14. Ne3 c5 15.
Nf5 Bf8 16. Rfd1 c4 17. b3 b5 18. bxc4 bxc4 19. Rb1 Nbd7 20. Nxc4 Qc8 21. Nce3
Qxc2 22. Nxc2 Rxe2 23. Nfe3 g5 24. Be5 Ng4 25. Nxg4 Rxc2 26. Rdc1 Rxc1+ 27. Rxc1
Nxe5 28. dxe5 Ra8 29. Rc7 Rb8 30. Nf6+ Kg7 31. Nd7 1-0

[Event "Czech Open A 2013"]
[Site "Pardubice CZE"]
[Date "2013.07.21"]
[Round "3.26"]
[White "Stupak,K"]
[Black "Griffiths,R"]
[Result "1/2-1/2"]
[WhiteElo "2510"]
[BlackElo "2372"]
[EventDate "2013.07.19"]

1. d4 Nf6 2. c4 g6 3. g3 c6 4. Bg2 d5 5. Nc3 Bg7 6. Qb3 O-O 7. Nf3 dxc4 8. Qxc4
Be6 9. Qa4 b5 10. Qc2 Na6 11. O-O b4 12. Nb1 Rc8 13. e4 c5 14. d5 Bd7 15. Rd1 c4
16. Be3 Qa5 17. a4 c3 18. bxc3 bxc3 19. Rc1 Nb4 20. Qe2 c2 21. Na3 Nfxd5 22.
exd5 Bxa1 23. Rxa1 Nxd5 24. Nxc2 Nxe3 25. Nxe3 Bc6 26. Qb2 Rfd8 27. Qe5 Qxe5 28.
Nxe5 Bxg2 29. Kxg2 Rd4 30. Nf3 Rd6 31. Rb1 Rc5 32. Rb7 Ra6 33. Rxe7 Rxa4 34. g4
h6 35. h4 Kf8 36. Rb7 a5 37. Kg3 Rb4 38. Ra7 1/2-1/2

[Event "Czech Open A 2013"]
[Site "Pardubice CZE"]
[Date "2013.07.21"]
[Round "3.27"]
[White "Debashis,D"]
[Black "Bures,J"]
[Result "1-0"]
[WhiteElo "2478"]
[BlackElo "2379"]
[EventDate "2013.07.19"]

1. d4 Nf6 2. c4 e6 3. Nc3 Bb4 4. e3 c5 5. Nf3 O-O 6. Bd3 d5 7. O-O cxd4 8. exd4
dxc4 9. Bxc4 b6 10. Bg5 Bb7 11. Re1 Nbd7 12. Rc1 Rc8 13. Bd3 Re8 14. Qe2 h6 15.
Bh4 Qc7 16. Bb5 Rf8 17. Bg3 Qd8 18. Bh4 Qc7 19. Ne5 Bxc3 20. Nxd7 Nxd7 21. bxc3
Qd6 22. f3 Nb8 23. Bd3 Rfe8 24. Bf2 Qf4 25. Bb1 Nd7 26. Qd3 Nf8 27. c4 Red8 28.
Qa3 Qb8 29. Bd3 Bc6 30. Qb4 Qd6 31. Qxd6 Rxd6 32. Bf1 Rd7 33. h4 Rcd8 34. Rc3
Ng6 35. h5 Ne7 36. d5 exd5 37. cxd5 Ba8 38. Rce3 Kf8 39. Bb5 Nxd5 40. Rd3 Rc7
41. Red1 Ke7 42. Bd4 f6 43. Bf2 Bb7 44. Ba4 a6 45. Re1+ Kf7 46. Bb3 Rcd7 47.
Bxb6 Rc8 48. Red1 Ke6 49. Bf2 Rcd8 50. Rd4 Ke7 51. Re4+ Kf7 52. Bc5 Rc8 53. Bb4
Rb8 54. Ba3 Rbd8 55. Kh2 Kg8 56. Red4 Kh8 57. Ba4 Rc7 58. Bb4 Ra8 59. Rxd5 Bxd5
60. Rxd5 Rc4 61. a3 Rh4+ 62. Kg3 Rh1 63. Bc2 Ra1 64. Ra5 Ra2 65. Bd3 Rb2 66.
Rxa6 Rxa6 67. Bxa6 Ra2 68. Bb5 Rb2 69. Bf1 Ra2 70. Bd3 Rb2 71. Be4 Ra2 72. Bf8 1-0

[Event "Czech Open A 2013"]
[Site "Pardubice CZE"]
[Date "2013.07.21"]
[Round "3.28"]
[White "Suran,J"]
[Black "Gutman,G"]
[Result "0-1"]
[WhiteElo "2362"]
[BlackElo "2477"]
[EventDate "2013.07.19"]

1. e4 c5 2. Nf3 Nc6 3. Bb5 d6 4. O-O Bd7 5. Re1 Nf6 6. c3 a6 7. Bf1 Bg4 8. h3
Bxf3 9. Qxf3 g6 10. d3 Bg7 11. Be3 O-O 12. Nd2 Nd7 13. Qd1 b5 14. Nf3 b4 15. Qa4
Qc7 16. d4 a5 17. Rac1 Rfc8 18. Qc2 e5 19. dxc5 Nxc5 20. Bxc5 dxc5 21. Bc4 Nd8
22. Rcd1 Qe7 23. Rd3 Ne6 24. Red1 Rd8 25. Bxe6 Rxd3 26. Rxd3 Qxe6 27. c4 a4 28.
Rd5 Qb6 29. Qd3 b3 30. a3 Re8 31. Rd6 Qb7 32. Rd8 Qe7 33. Rxe8+ Qxe8 34. Qd5 Qc8
35. Nxe5 Qe8 36. f4 g5 37. g3 gxf4 38. gxf4 Bxe5 39. fxe5 Qe7 40. e6 fxe6 41.
Qd2 Qf6 42. Qe2 Qe5 43. Kg2 Kf7 44. Qf2+ Ke8 45. Kf3 h5 46. Qd2 Qf6+ 47. Kg3
Qg6+ 48. Kf3 Qg1 49. Qd3 Qh2 50. Qe2 Qxh3+ 51. Kf4 Ke7 52. Kg5 h4 53. e5 Qg3+
54. Kh6 Qf4+ 55. Kg6 h3 0-1

[Event "Czech Open A 2013"]
[Site "Pardubice CZE"]
[Date "2013.07.21"]
[Round "3.29"]
[White "Repka,C"]
[Black "Idani,P"]
[Result "1-0"]
[WhiteElo "2361"]
[BlackElo "2476"]
[EventDate "2013.07.19"]

1. Nf3 Nf6 2. d4 g6 3. c4 Bg7 4. g3 c5 5. Bg2 Qa5+ 6. Bd2 Qb6 7. Nc3 cxd4 8. Na4
Qc7 9. Nxd4 d6 10. O-O O-O 11. Rc1 Bd7 12. Nb5 Qc8 13. Qb3 Bc6 14. c5 d5 15.
Rfd1 Nbd7 16. Ba5 Ne5 17. Bc3 Ned7 18. Ba5 Ne5 19. Bc3 Ned7 20. Ba5 e6 21. Nd6
Qb8 22. Nb5 Bxb5 23. Qxb5 Ne5 24. Bd2 Nc6 25. Bf4 Qc8 26. Nc3 Nd7 27. Bd6 Rd8
28. e3 Nde5 29. e4 d4 30. Ne2 d3 31. Nf4 Nd4 32. Qa4 g5 33. Kf1 gxf4 34. Qxd4 b6
35. gxf4 Qa6 36. fxe5 d2+ 37. Rc4 bxc5 38. Qd3 Bxe5 39. Rd4 Qxd3+ 40. Rxd3 Rxd6
41. Rxd6 Bxd6 42. e5 1-0

[Event "Czech Open A 2013"]
[Site "Pardubice CZE"]
[Date "2013.07.21"]
[Round "3.31"]
[White "Bryzgalin,K"]
[Black "Cerveny,M"]
[Result "1/2-1/2"]
[WhiteElo "2470"]
[BlackElo "2357"]
[EventDate "2013.07.19"]

1. e4 c5 2. Nf3 d6 3. d4 cxd4 4. Nxd4 Nf6 5. Nc3 a6 6. Be3 e5 7. Nf3 Be7 8. Bc4
O-O 9. O-O Be6 10. Bb3 Qc7 11. Bg5 Nbd7 12. Re1 Rac8 13. Bxf6 Nxf6 14. Qd3 Rfe8
15. Rac1 Bc4 16. Qd2 b5 17. a3 Qb7 18. h3 1/2-1/2

[Event "Czech Open A 2013"]
[Site "Pardubice CZE"]
[Date "2013.07.21"]
[Round "3.32"]
[White "Kislik,E"]
[Black "Kovalev,An"]
[Result "1/2-1/2"]
[WhiteElo "2345"]
[BlackElo "2470"]
[EventDate "2013.07.19"]

1. d4 Nf6 2. c4 g6 3. Nc3 Bg7 4. e4 d6 5. Nf3 O-O 6. Be2 Na6 7. O-O e5 8. Be3
Ng4 9. Bg5 Qe8 10. dxe5 dxe5 11. h3 f6 12. Bc1 Nh6 13. a3 c6 14. b4 Nf7 15. c5
Nc7 16. Bc4 Be6 17. Qb3 Rd8 18. Bb2 Bxc4 19. Qxc4 Qe6 20. Qxe6 Nxe6 21. Rfd1 Bh6
22. Kf1 1/2-1/2

[Event "Czech Open A 2013"]
[Site "Pardubice CZE"]
[Date "2013.07.21"]
[Round "3.33"]
[White "Tomazini,Z"]
[Black "Akesson,R"]
[Result "1-0"]
[WhiteElo "2344"]
[BlackElo "2469"]
[EventDate "2013.07.19"]

1. e4 c6 2. d4 d5 3. exd5 cxd5 4. c4 Nf6 5. Nc3 e6 6. Nf3 Bb4 7. Bd3 dxc4 8.
Bxc4 O-O 9. O-O b6 10. Re1 Bb7 11. Bg5 Nbd7 12. Qd3 Rc8 13. Rac1 Be7 14. Ba6 Rc7
15. Bxb7 Rxb7 16. Qa6 Qa8 17. Ne5 Nb8 18. Qd3 a6 19. Qg3 b5 20. Bh6 Ne8 21. Ne4
Nd7 22. Rc3 Kh8 23. Nc6 Nb6 24. Nxe7 Rxe7 25. Qh4 f6 26. Bd2 Nd5 27. Rh3 g6 28.
Nc5 Nec7 29. Bh6 Rff7 30. Rg3 Kg8 31. Qe4 Qe8 32. h4 Kh8 33. f4 Qc6 34. h5 gxh5
35. Qf3 Nb4 36. Qxh5 Qd5 37. Qg4 Qxd4+ 38. Kh1 Qd8 39. Nb7 Qa8 40. Nd6 Ncd5 41.
Nxf7+ 1-0

[Event "Czech Open A 2013"]
[Site "Pardubice CZE"]
[Date "2013.07.21"]
[Round "3.34"]
[White "Malinovsky,K"]
[Black "Migot,T"]
[Result "1/2-1/2"]
[WhiteElo "2462"]
[BlackElo "2331"]
[EventDate "2013.07.19"]

1. e4 e5 2. Nf3 Nc6 3. d4 exd4 4. Nxd4 Bc5 5. Nxc6 bxc6 6. Bd3 Qh4 7. Qe2 Ne7 8.
Nd2 d6 9. h3 Ng6 10. g3 Qf6 11. f4 O-O 12. c3 Re8 13. Nb3 Bb6 14. Be3 Bf5 15.
Nd2 d5 16. O-O-O Bxe4 17. Nxe4 dxe4 18. Bc4 Ne7 19. g4 Nc8 20. Bb3 Nd6 21. Rhf1
a5 22. Ba4 Nb5 23. Kc2 Qe6 24. Bb3 Qe7 25. Ba4 Qe6 26. Bb3 Qe7 27. Ba4 Qe6 28.
Kb1 Rab8 29. Ka1 Rbd8 30. Rxd8 Rxd8 31. Rd1 Rxd1+ 32. Bxd1 Bxe3 33. Qxe3 Qd5 34.
Bc2 Nd6 35. Qa7 g5 36. f5 Qe5 37. Qxc7 Kg7 38. a3 e3 39. Bd3 Qd5 40. Qe7 Qxd3
41. Qxg5+ Kf8 42. Qd8+ Kg7 43. Qg5+ 1/2-1/2

[Event "Czech Open A 2013"]
[Site "Pardubice CZE"]
[Date "2013.07.21"]
[Round "3.35"]
[White "Stromboli,E"]
[Black "Potapov,P"]
[Result "1/2-1/2"]
[WhiteElo "2335"]
[BlackElo "2460"]
[EventDate "2013.07.19"]

1. e4 c5 2. Nf3 e6 3. d4 cxd4 4. Nxd4 a6 5. c4 Nf6 6. Nc3 Bb4 7. Bd3 Nc6 8. Ne2
Qc7 9. O-O O-O 10. Bf4 Ne5 11. Rc1 d6 12. a3 Bxc3 13. Nxc3 b6 14. Qe2 Bb7 15.
Rfd1 Nfd7 16. b4 Qc6 17. Bb1 Rac8 18. Ba2 Nf6 19. f3 Rfd8 20. Be3 h6 21. h3 Ba8
22. Qf2 Rb8 23. Ne2 Qc7 24. Qg3 Nh5 25. Qh4 Nf6 26. Qg3 Nh5 27. Qh4 Nf6 28. Qg3 1/2-1/2

[Event "Czech Open A 2013"]
[Site "Pardubice CZE"]
[Date "2013.07.21"]
[Round "3.36"]
[White "Stromboli,C"]
[Black "Semcesen,D"]
[Result "0-1"]
[WhiteElo "2326"]
[BlackElo "2447"]
[EventDate "2013.07.19"]

1. e4 e5 2. Nf3 Nc6 3. d4 exd4 4. Bc4 d6 5. Nxd4 g6 6. Nc3 Bg7 7. Nxc6 bxc6 8.
O-O Ne7 9. Be3 O-O 10. Bd4 c5 11. Bxg7 Kxg7 12. Re1 Be6 13. Qe2 Nc6 14. Nd5 Rb8
15. Rab1 Ne5 16. Bb3 Bxd5 17. Bxd5 Qf6 18. c3 Rb6 19. Rf1 g5 20. f3 Kh8 21. g3
Ng6 22. Qd2 Rbb8 23. Kh1 Rg8 24. Rbe1 Rg7 25. Re2 h5 26. Ref2 Rbg8 27. Bb3 h4
28. g4 Nf4 29. Qe3 Qe5 30. Rd2 Rb8 31. Rfd1 a5 32. Qf2 Rb6 33. Qf1 Qf6 34. Qc4
Ng6 35. Rf1 Ne5 36. Qa4 Rg8 37. Rdf2 Qf4 38. Bc4 Rgb8 39. b3 h3 40. Qa3 Nxc4 41.
bxc4 Rb1 42. Kg1 Qe3 43. Qc1 Rxc1 0-1

[Event "Czech Open A 2013"]
[Site "Pardubice CZE"]
[Date "2013.07.21"]
[Round "3.37"]
[White "Kireev,Al"]
[Black "Malakhov,I"]
[Result "1/2-1/2"]
[WhiteElo "2310"]
[BlackElo "2442"]
[EventDate "2013.07.19"]

1. d4 Nf6 2. Bg5 Ne4 3. Be3 d5 4. Nd2 Bf5 5. Ngf3 e6 6. g3 Nxd2 7. Qxd2 Be4 8.
Bg2 Nd7 9. O-O Be7 10. c3 O-O 11. Ne1 Bxg2 12. Kxg2 c5 13. Nd3 Rc8 14. dxc5 Nxc5
15. Bxc5 Bxc5 16. Rfe1 Be7 17. Rad1 Qa5 18. a3 Rfd8 19. e3 g6 20. Qe2 Bf6 21. f4
h5 22. Nf2 Bg7 23. Rd2 b5 24. Red1 Qb6 25. Qf3 a5 26. e4 dxe4 27. Rxd8+ Rxd8 28.
Rxd8+ Qxd8 29. Nxe4 Bf8 30. Kf1 Be7 31. Ke2 Qd5 32. Qd3 Qb3 33. Qd2 Kf8 34. h3
Qa2 35. Nf2 Qb1 36. Kf3 Bc5 37. Kg2 Ke7 38. g4 Bxf2 39. Qxf2 Qe4+ 40. Kg3 Qd3+
41. Kg2 Qd5+ 42. Kg3 hxg4 43. hxg4 a4 44. Qa7+ Kf8 45. Qe3 Qb3 46. Qc5+ Kg8 47.
Qf2 Qd1 48. Qd4 Qe2 49. g5 Qxb2 50. Qd8+ 1/2-1/2

[Event "Czech Open A 2013"]
[Site "Pardubice CZE"]
[Date "2013.07.21"]
[Round "3.38"]
[White "Battey,A"]
[Black "Sergeev,Vl"]
[Result "1/2-1/2"]
[WhiteElo "2304"]
[BlackElo "2436"]
[EventDate "2013.07.19"]

1. e4 c6 2. d4 d5 3. e5 Qb6 4. c4 Bf5 5. Nc3 e6 6. a3 dxc4 7. Bxc4 Ne7 8. Nge2
Nd7 9. O-O Qd8 10. Ng3 Nb6 11. Bb3 Bg6 12. Nce4 Bxe4 13. Nxe4 Nf5 14. Be3 Be7
15. Qh5 Nd5 16. Ng3 Nxg3 17. hxg3 g6 18. Qe2 Nxe3 19. fxe3 Bg5 20. Rf3 O-O 21.
Raf1 Qd7 22. Rd1 Rad8 23. Kh2 Kg7 24. Qf2 Qe7 25. e4 h5 26. Rf1 b5 27. Kh1 c5
28. d5 c4 29. d6 Qb7 30. Bc2 Rd7 31. Qd4 Qb6 32. Qc3 a5 33. b4 Ra8 34. Rb1 Rda7
35. a4 bxa4 36. b5 Qc5 37. Bxa4 Rb7 38. b6 Rxb6 39. Rxb6 Qxb6 40. Qxc4 Qb2 41.
Qc7 Qa1+ 42. Kh2 Qxe5 43. Rxf7+ Kg8 44. Be8 Bh6 45. Rh7 Bg7 46. Bxg6 Qf6 47. d7
Qxg6 48. Rxg7+ Qxg7 49. d8=Q+ Rxd8 50. Qxd8+ 1/2-1/2

[Event "Czech Open A 2013"]
[Site "Pardubice CZE"]
[Date "2013.07.21"]
[Round "3.39"]
[White "Tate,A"]
[Black "Sundararajan,K"]
[Result "0-1"]
[WhiteElo "2277"]
[BlackElo "2435"]
[EventDate "2013.07.19"]

1. e4 c6 2. d4 d5 3. e5 Bf5 4. Nf3 e6 5. Be2 Ne7 6. O-O Bg6 7. Nbd2 Nf5 8. Nb3
Be7 9. a4 Nd7 10. a5 O-O 11. c4 dxc4 12. Bxc4 b5 13. Be2 a6 14. Bf4 Rc8 15. g4
Nh4 16. Nxh4 Bxh4 17. Nc5 Nxc5 18. dxc5 Be4 19. Qxd8 Rcxd8 20. Rfd1 Bd5 21. Bg3
Be7 22. b4 f5 23. exf6 Bxf6 24. Ra3 e5 25. f3 Bg5 26. Rf1 Bd2 27. Rb1 e4 28. f4
Bxf4 29. Bxf4 Rxf4 30. h3 Be6 31. Rb2 Kf7 32. g5 Kg6 33. Rg3 Rd5 0-1

[Event "Czech Open A 2013"]
[Site "Pardubice CZE"]
[Date "2013.07.21"]
[Round "3.40"]
[White "Kuipers,S"]
[Black "Zubritskiy,A"]
[Result "0-1"]
[WhiteElo "2432"]
[BlackElo "2320"]
[EventDate "2013.07.19"]

1. e4 c5 2. Nf3 d6 3. d4 cxd4 4. Nxd4 Nf6 5. Nc3 a6 6. Be3 e5 7. Nb3 Be6 8. h3
Nbd7 9. Qd2 b5 10. O-O-O Nb6 11. f4 b4 12. fxe5 bxc3 13. Qxc3 Nfd7 14. exd6 Rc8
15. Bxb6 Nxb6 16. Qa5 Nd7 17. Qa4 g6 18. Kb1 Bg7 19. Be2 O-O 20. Rhe1 Qf6 21.
Qa3 Rb8 22. c3 Rfc8 23. Nd4 Rb6 24. Bf1 Qe5 25. Ka1 Rc5 26. b4 Rc8 27. Re3 Rxd6
28. Be2 Rxc3 29. Rxc3 Rxd4 30. Rdc1 Rd2 31. Qxa6 Rxa2+ 32. Qxa2 Qxc3+ 0-1

[Event "Czech Open A 2013"]
[Site "Pardubice CZE"]
[Date "2013.07.21"]
[Round "3.41"]
[White "Vlasak,Lu"]
[Black "Nabaty,T"]
[Result "1-0"]
[WhiteElo "2296"]
[BlackElo "2586"]
[EventDate "2013.07.19"]

1. e4 c5 2. Nf3 Nc6 3. Bb5 Qb6 4. Nc3 e6 5. O-O Nge7 6. Re1 a6 7. Bf1 Ng6 8. b3
Be7 9. Bb2 O-O 10. Na4 Qc7 11. c4 b6 12. d4 cxd4 13. Nxd4 Bb7 14. Nxc6 dxc6 15.
Qd4 Bf6 16. e5 c5 17. Qe3 Be7 18. Rad1 Nh4 19. Nc3 Rad8 20. Ne4 Nf5 21. Qf4 Rxd1
22. Rxd1 Rd8 23. Rxd8+ Qxd8 24. Ng3 Nh4 25. Ne4 Qd1 26. Nf6+ gxf6 27. Qxh4 Qd2
28. exf6 Bd6 29. Qg4+ Kf8 30. Qg7+ Ke8 31. Qg8+ Bf8 32. Be5 Be4 33. Qg3 Qd1 34.
Bc7 Kd7 35. Bxb6 Bd6 36. Qe3 Qh5 37. g3 Qf5 38. Bg2 Bc6 39. Bxc6+ Kxc6 40. Bd8
Kd7 41. Bb6 Kc6 42. Ba5 Be5 43. Bc3 Bxf6 44. Bxf6 Qxf6 45. Kg2 Qb2 46. Qf3+ Kb6
47. Qxf7 Qxa2 48. Qxe6+ Ka5 49. Qe1+ Kb6 50. Qc3 a5 51. Qf6+ Kc7 52. Qf7+ Kd8
53. Qg8+ Ke7 54. Qxh7+ Kf6 55. Qh6+ Kf7 56. Qe3 a4 57. Qf3+ 1-0

[Event "Czech Open A 2013"]
[Site "Pardubice CZE"]
[Date "2013.07.21"]
[Round "3.42"]
[White "Kazakov,K"]
[Black "Babula,V"]
[Result "0-1"]
[WhiteElo "2307"]
[BlackElo "2583"]
[EventDate "2013.07.19"]

1. e4 c5 2. Nf3 d6 3. d4 cxd4 4. Qxd4 Nc6 5. Bb5 Bd7 6. Bxc6 Bxc6 7. Nc3 Nf6 8.
Bg5 e6 9. O-O-O Be7 10. Kb1 O-O 11. Rhe1 Qc7 12. Qd3 Rfd8 13. Nd2 Rac8 14. Rc1
a6 15. f4 b5 16. Ne2 e5 17. Nc3 exf4 18. Bxf4 b4 19. Nd5 Bxd5 20. exd5 Qb7 21.
Bg5 Nxd5 22. Bxe7 Nxe7 23. Ne4 Ng6 24. Nxd6 Qc6 25. Nxc8 Rxd3 26. cxd3 Qd7 27.
d4 h5 28. Red1 Nf4 29. d5 Ne2 30. Rc2 Qg4 31. Re1 Nd4 32. Ne7+ Kh7 33. Rf2 f6
34. Nc6 Qg6+ 35. Kc1 Qg5+ 36. Rd2 Nb5 37. Nxb4 Nd6 38. b3 Qf4 39. Nd3 Qxh2 40.
Re6 f5 41. Kc2 Ne4 42. Re2 Qc7+ 43. Rc6 Qa5 44. d6 Nxd6 45. a4 Ne4 46. Nb2 h4
47. Rc4 Qe5 48. b4 g5 49. Rc6 g4 50. b5 axb5 51. a5 b4 52. a6 Qb5 53. Rc7+ Kh6
54. Rxe4 fxe4 55. a7 Qa5 56. Re7 h3 57. gxh3 gxh3 58. Kb3 Qa3+ 59. Kc4 h2 60.
Re6+ Kg7 61. Re7+ Kg6 62. Re6+ Kf5 63. Rh6 Qxa7 0-1

[Event "Czech Open A 2013"]
[Site "Pardubice CZE"]
[Date "2013.07.21"]
[Round "3.43"]
[White "Jasny,S"]
[Black "Stocek,J"]
[Result "1/2-1/2"]
[WhiteElo "2290"]
[BlackElo "2576"]
[EventDate "2013.07.19"]

1. e4 e5 2. Nf3 Nc6 3. Bc4 d6 4. d4 exd4 5. Nxd4 Nf6 6. Nc3 Be7 7. O-O O-O 8. h3
Re8 9. Re1 Bd7 10. Bf4 Ne5 11. Bf1 a6 12. Bg3 Bf8 13. f4 Nc6 14. Nf3 h6 15. Qd2
b5 16. Bh4 Be7 17. Bf2 Bf8 18. Bh4 Be7 19. Bf2 Bf8 1/2-1/2

[Event "Czech Open A 2013"]
[Site "Pardubice CZE"]
[Date "2013.07.21"]
[Round "3.44"]
[White "Nadjezhdin,D"]
[Black "Bernasek,J"]
[Result "0-1"]
[WhiteElo "2300"]
[BlackElo "2551"]
[EventDate "2013.07.19"]

1. c4 Nf6 2. Nc3 d5 3. cxd5 Nxd5 4. g3 g6 5. Bg2 Nb6 6. Nf3 Bg7 7. O-O Nc6 8. d3
O-O 9. Be3 h6 10. Rb1 Kh7 11. Nd2 Nd4 12. Nb3 e5 13. Na5 c6 14. b4 Rb8 15. Nb3
Qe7 16. Nc5 Rd8 17. Qc1 a5 18. Qa3 axb4 19. Qxb4 Nd5 20. Nxd5 Nxe2+ 21. Kh1 cxd5
22. Na6 Qxb4 23. Rxb4 Ra8 24. Nc7 Rxa2 25. Nxd5 Nd4 26. Rb6 Ra6 27. Rfb1 Be6 28.
Nc7 Rxb6 29. Rxb6 Bf5 30. Be4 Rd7 31. Ne8 Bxe4+ 32. dxe4 Nc6 33. Bc5 Nd8 34. Kg2
Ne6 35. Bb4 Kg8 36. Nd6 Nd8 37. Ne8 Rd4 38. Kf3 Rd3+ 39. Ke2 Rd7 40. h4 h5 41.
Bd2 Nc6 42. Bh6 Bh8 43. Bg5 Kf8 44. Nf6 Bxf6 45. Bxf6 Ke8 46. Ke3 Rc7 47. Rb5
Kd7 48. Bxe5 Nxe5 49. Rxe5 b6 50. Rb5 Rb7 51. Kd4 Kc6 52. Rb3 b5 53. f4 Kd6 54.
f5 gxf5 55. exf5 b4 56. Ke4 f6 57. g4 hxg4 58. Kf4 Kd5 59. h5 Kc4 60. Rb1 b3 61.
Kxg4 Rh7 62. Rc1+ Kd3 63. Rc6 Rb7 64. Rd6+ Ke2 65. Rc6 b2 0-1

[Event "Czech Open A 2013"]
[Site "Pardubice CZE"]
[Date "2013.07.21"]
[Round "3.63"]
[White "Seger,R"]
[Black "Peterson,Er"]
[Result "1-0"]
[WhiteElo "2393"]
[BlackElo "2239"]
[EventDate "2013.07.19"]

1. e4 e6 2. d4 d5 3. Nd2 c5 4. exd5 exd5 5. Ngf3 Nc6 6. Bb5 Bd6 7. dxc5 Bxc5 8.
O-O Ne7 9. Nb3 Bd6 10. Bg5 O-O 11. Re1 Qc7 12. c3 f6 13. Bh4 a6 14. Be2 Bd7 15.
Bg3 Ne5 16. Nbd4 Rfe8 17. Nd2 Rac8 18. Nf1 Kh8 19. Qc2 Qb6 20. Qb3 Bc5 21. Rad1
Qxb3 22. axb3 N7c6 23. Ne3 Ne7 24. Bf1 Kg8 25. f3 Kf7 26. Bf2 Red8 27. Rd2 a5
28. Red1 Ke8 29. Ne2 a4 30. f4 N5g6 31. Nxd5 Bxf2+ 32. Kxf2 Nxd5 33. Rxd5 axb3
34. g3 Ne7 35. R5d2 Nc6 36. Ke3 Na5 37. Nc1 Ke7 38. Rxd7+ Rxd7 39. Rxd7+ Kxd7
40. Bh3+ Kc7 41. Bxc8 Kxc8 42. Kd4 b6 43. c4 Kc7 44. Kc3 Kd6 45. Nxb3 Nc6 46.
Nd4 Ne7 47. Kb4 g6 48. Kb5 Nc8 49. b4 h6 50. Nc2 Kc7 51. c5 Na7+ 52. Kc4 bxc5
53. Kxc5 Nc8 54. Nd4 g5 55. Nf5 h5 56. h4 gxf4 57. gxf4 Kd7 58. b5 Kc7 59. Ng3
Ne7 60. Nxh5 Ng6 61. Nxf6 Nxh4 62. Nd5+ Kb7 63. Kd6 1-0

[Event "Czech Open A 2013"]
[Site "Pardubice CZE"]
[Date "2013.07.21"]
[Round "3.82"]
[White "Bartos,J"]
[Black "Kholopov,A"]
[Result "1-0"]
[WhiteElo "2209"]
[BlackElo "2310"]
[EventDate "2013.07.19"]

1. d4 Nf6 2. c4 e6 3. Nc3 Bb4 4. e3 O-O 5. Ne2 d5 6. a3 Be7 7. cxd5 exd5 8. Nf4
c6 9. Bd3 Bd6 10. O-O Re8 11. f3 a5 12. Bc2 Bf8 13. e4 dxe4 14. fxe4 c5 15. d5
Bd6 16. h3 Nbd7 17. Nh5 Nxh5 18. Qxh5 Ne5 19. Nb5 Bb8 20. Bf4 f6 21. Rad1 Bd7
22. Ba4 Qb6 23. Nc3 Bd6 24. Bxd7 Nxd7 25. Bxd6 Qxd6 26. Qe2 a4 27. Qb5 Ra6 28.
Nxa4 Rxe4 29. Nc3 Re5 30. Qxb7 Rb6 31. Qc8+ Kf7 32. Rfe1 Rxb2 33. Rxe5 Nxe5 34.
Ne4 Qd7 35. Qxc5 Re2 36. d6 Kg6 37. Nc3 Rc2 38. Qe3 Kf7 39. Ne4 Qb5 40. d7 1-0

[Event "Czech Open A 2013"]
[Site "Pardubice CZE"]
[Date "2013.07.22"]
[Round "4.1"]
[White "Laznicka,V"]
[Black "Galego,L"]
[Result "1-0"]
[WhiteElo "2684"]
[BlackElo "2488"]
[EventDate "2013.07.19"]

1. d4 d6 2. Nf3 Bg4 3. e4 Nd7 4. Nc3 c6 5. h3 Bxf3 6. Qxf3 e5 7. d5 c5 8. h4 h5
9. g3 a6 10. Bh3 g6 11. Bg5 Be7 12. Bd2 Bf8 13. Bg5 Be7 14. Be3 Bf8 15. Qg2 Bh6
16. f4 exf4 17. Bxf4 Bxf4 18. Bxd7+ Qxd7 19. gxf4 O-O-O 20. O-O-O Nf6 21. e5 Ng4
22. Ne4 dxe5 23. fxe5 Ne3 24. Qf2 Nxd1 25. Rxd1 Qe7 26. Qg3 Rhe8 27. e6 fxe6 28.
d6 Qf8 29. Nxc5 Qh6+ 30. Kb1 Re7 31. Qd3 Rf7 32. d7+ 1-0

[Event "Czech Open A 2013"]
[Site "Pardubice CZE"]
[Date "2013.07.22"]
[Round "4.2"]
[White "Dourerassou,J"]
[Black "Michalik,P"]
[Result "1/2-1/2"]
[WhiteElo "2476"]
[BlackElo "2579"]
[EventDate "2013.07.19"]

1. e4 e5 2. Nf3 Nc6 3. Bb5 Nf6 4. O-O Nxe4 5. d4 Nd6 6. dxe5 Nxb5 7. a4 Nbd4 8.
Nxd4 d5 9. Nc3 Be7 10. f4 Bc5 11. Be3 Bxd4 12. Bxd4 Bf5 13. Bc5 d4 14. Nb5 a6
15. Nxd4 Nxd4 16. Qxd4 Qxd4+ 17. Bxd4 O-O-O 18. c3 a5 19. h3 h5 1/2-1/2

[Event "Czech Open A 2013"]
[Site "Pardubice CZE"]
[Date "2013.07.22"]
[Round "4.3"]
[White "Narayanan,Sri"]
[Black "Lalith,B"]
[Result "1/2-1/2"]
[WhiteElo "2475"]
[BlackElo "2571"]
[EventDate "2013.07.19"]

1. e4 g6 2. d4 Bg7 3. Nc3 c6 4. h3 d6 5. Nf3 Nf6 6. Be3 O-O 7. Qd2 Qa5 8. Bd3
Nbd7 9. O-O Re8 10. a4 e5 11. Rfe1 exd4 12. Bxd4 Ne5 13. Be2 Be6 14. Rad1 Qb4
15. Ng5 Bc4 16. b3 Bxe2 17. Qxe2 h6 18. Nf3 Nh5 19. Na2 Qa3 20. Nc1 d5 21. Nxe5
Bxe5 22. Qe3 Bxd4 23. Rxd4 Ng7 24. Qd2 Ne6 25. Rb4 Nc5 26. exd5 Rxe1+ 27. Qxe1
cxd5 28. Rd4 Qb2 29. Qd1 Ne4 30. Ne2 Rc8 31. c4 Nf6 32. Rd2 Qe5 33. cxd5 Rd8 34.
d6 Ne4 35. Rd5 Rxd6 36. Rxd6 Nxd6 37. h4 Nf5 38. g3 Qe4 39. Nc3 1/2-1/2

[Event "Czech Open A 2013"]
[Site "Pardubice CZE"]
[Date "2013.07.22"]
[Round "4.4"]
[White "Sochacki,C"]
[Black "Nisipeanu,LD"]
[Result "0-1"]
[WhiteElo "2459"]
[BlackElo "2670"]
[EventDate "2013.07.19"]

1. e4 e6 2. d4 d5 3. Nc3 Bb4 4. e5 c5 5. a3 Bxc3+ 6. bxc3 Ne7 7. Qg4 cxd4 8.
cxd4 Qc7 9. Kd1 Bd7 10. Qxg7 Rg8 11. Qxh7 Qc3 12. Rb1 Qxd4+ 13. Qd3 Qxf2 14.
Rxb7 Nbc6 15. Be3 Qh4 16. Nf3 Qh5 17. Be2 Rxg2 18. Ne1 Rxe2 19. Qxe2 Qxe5 20.
Bc1 Qxe2+ 21. Kxe2 O-O-O 22. Rb2 Rh8 23. Bg5 Nf5 24. Kf2 Nd6 25. Nf3 Ne4+ 26.
Ke3 Rh3 27. Kf4 f6 28. Bxf6 Nxf6 29. Ne5 Rh5 30. Nxd7 Kxd7 31. h4 Kd6 32. c3
Rf5+ 33. Kg3 Ne5 34. Kg2 Nd3 35. Rd2 Nf4+ 36. Kf3 Ne4 37. Rc2 Ne2+ 38. Ke3 N2xc3
39. h5 Kc5 0-1